| 000 | 00990nam a2200301 a 4500 | ||
|---|---|---|---|
| 001 | 000044207 | ||
| 003 | DO-SdBNP | ||
| 005 | 20180327133603.0 | ||
| 007 | 000044207 | ||
| 008 | 140609s2007 dr a 000 p spa d | ||
| 020 | _a9789945857016 | ||
| 040 |
_aBPMSU _bspa _cBPMSU |
||
| 082 | 0 | 4 |
_aRD861.44 _bB333d |
| 100 | 1 |
_aBatista, Julio, _d1968- |
|
| 245 | 1 | 3 |
_aEl decimero : _bdestacando realidades / _cJulio Batista. |
| 260 |
_aConstanza, República Dominicana : _bOrtega, _c2007. |
||
| 300 |
_a86 p. : _bil. ; _c21 cm. |
||
| 500 | _aIncluye datos biográficos del autor en la solapa de la cubierta | ||
| 650 | 4 | _aPOESÍA DOMINICANA | |
| 650 | 4 | _aLITERATURA DOMINICANA | |
| 910 | _aValidado. Control de calidad MFF | ||
| 942 |
_2ddc _cBK |
||
| 945 | _aRemanejado para la BNPHU / BT | ||
| 956 |
_aDGARCIA _b10 _c20140609 _lBND01 _h1058 |
||
| 956 |
_aBTAVAREZ _b10 _c20140609 _lBND01 _h1137 |
||
| 956 |
_aMFILETO _b40 _c20140609 _lBND01 _h1349 |
||
| 956 |
_aVMATEO _b10 _c20150410 _lBND01 _h00151 |
||
| 999 |
_c7609 _d7609 |
||